Statistics for Food/Drink Sponsors of Football Clubs

Click here to take the quiz!

General Stats

  • This quiz has been taken 27 times
  • The average score is 4 of 15

Answer Stats

SponsorYear(s)Answer% Correct
Carlsberg1992-2010Liverpool
72%
Red Bull2009-presentRB Leipzig
67%
Chang2004-2017Everton
56%
Walkers1987-2001Leicester City
56%
McEwan's Lager1987-1999Rangers
39%
7 Up1992-1994Fiorentina
28%
Mars1988-1991Napoli
17%
Barilla1982-1994Roma
17%
Doritos2002-2004Wolverhampton Wanderers
17%
Coors1994-1997Chelsea
11%
Pizza Hut2001-2002Fulham
11%
Pepsi2003-2005Boca Juniors
6%
Coca-Cola1990-2005Club América
6%
Burger King2009-2012Getafe
6%
Chupa Chups2000-2003Sheffield Wednesday
6%

Score Distribution

Percentile by Number Answered

Percent of People with Each Score

Your Score History

You have not taken this quiz